Washington Geography Quiz - Sudden Death - Statistics

General Stats
  • This quiz has been taken 249 times
  • The average score is 14 of 20
Answers on the Grid
Answers color-coded by a green-red scale on the quiz's grid according to % correct below.
Baja California
Banff National Park
Bellevue
Bellingham
Boise
Cascade Range
Colorado River
Columbia River
Fargo
Four Corners
Glacier National Park
Grand Coulee Dam
Great Salt Lake
Gulf of Mexico
Hoover Dam
Lake Pontchartrain
Lake Superior
Long Island Sound
Mojave Desert
Mount Adams
Mount Rainier National Park
Mount St. Helens
New England
North Cascades National Park
Olympia
Olympic Peninsula
Outer Banks
Pacific Ocean
Palouse Hills
Portland
Puget Sound
San Francisco Bay
San Juan Islands
Seattle
Space Needle
Spokane
Tacoma
Walla Walla
Yellowstone National Park
Zion National Park
 
Answer Stats
Answer % Correct
Bellevue
82%
Seattle
80%
Cascade Range
77%
Olympia
77%
Pacific Ocean
77%
Bellingham
76%
Mount Rainier National Park
76%
Mount St. Helens
76%
Tacoma
75%
Spokane
74%
Columbia River
73%
Space Needle
73%
Olympic Peninsula
69%
Puget Sound
69%
Walla Walla
68%
North Cascades National Park
66%
Grand Coulee Dam
60%
Mount Adams
56%
San Juan Islands
55%
Palouse Hills
50%
No matching quizzes found
Score Distribution
Percent of People with Each Score
Percentile by Number Answered
Your Score History
You have not taken this quiz